header

The history of New Thought (Record no. 29018)

MARC details
000 -LEADER
fixed length control field 01350nam a2200337Ia 4500
082 04 - DEWEY DECIMAL CLASSIFICATION NUMBER
Classification number 299/.93
100 1# - MAIN ENTRY--AUTHOR NAME
Personal name Haller, John S.
245 14 - TITLE STATEMENT
Title The history of New Thought
260 ## - PUBLICATION, DISTRIBUTION, ETC. (IMPRINT)
Place of publication West Chester, PA :
Name of publisher Swedenborg Foundation Press,
Year of publication c2012.
300 ## - PHYSICAL DESCRIPTION
Number of Pages xiv, 389 p.
490 0# - SERIES STATEMENT
Series statement Swedenborg studies ;
650 #0 - SUBJECT ADDED ENTRY--TOPICAL TERM
Topical Term Mind and body.
Topical Term New Thought.
856 40 - ELECTRONIC LOCATION AND ACCESS
Uniform Resource Identifier http://site.ebrary.com/lib/rucke/Doc?id=10643457

No items available.

© 2026 Rongo University
Contact us: librarian | system librarian | Rongo university